<?xml version="1.0" encoding="UTF-8"?>
<record
    xmlns:xsi="http://www.w3.org/2001/XMLSchema-instance"
    xsi:schemaLocation="http://www.loc.gov/MARC21/slim http://www.loc.gov/standards/marcxml/schema/MARC21slim.xsd"
    xmlns="http://www.loc.gov/MARC21/slim">

  <leader>01544nam a2200229Ia 4500</leader>
  <controlfield tag="001">c186-53496 </controlfield>
  <controlfield tag="003">IT-MiCISF</controlfield>
  <controlfield tag="005">20240229105735.0</controlfield>
  <controlfield tag="008">161014s9999||||xx |||||||||||||| ||und||</controlfield>
  <datafield tag="040" ind1=" " ind2=" ">
    <subfield code="a">IT-MiCISF</subfield>
    <subfield code="c">IT-MiCISF</subfield>
  </datafield>
  <datafield tag="041" ind1=" " ind2=" ">
    <subfield code="a">it</subfield>
  </datafield>
  <datafield tag="100" ind1=" " ind2=" ">
    <subfield code="a">Pellai Alberto</subfield>
    <subfield code="9">56522</subfield>
  </datafield>
  <datafield tag="245" ind1=" " ind2="0">
    <subfield code="a">Le parole non dette.</subfield>
    <subfield code="b">Come genitori e insegnanti possono aiutare i bambini a prevenire l'abuso sessuale</subfield>
  </datafield>
  <datafield tag="260" ind1=" " ind2=" ">
    <subfield code="a"> Trento,</subfield>
    <subfield code="b">Erickson,</subfield>
    <subfield code="c">2013</subfield>
  </datafield>
  <datafield tag="300" ind1=" " ind2=" ">
    <subfield code="a">pp. 166</subfield>
  </datafield>
  <datafield tag="500" ind1=" " ind2=" ">
    <subfield code="a">abuso-sessuale, infanzia, pedofilia, prevenzione, famiglia, scuola, nuovi-media </subfield>
  </datafield>
  <datafield tag="520" ind1=" " ind2=" ">
    <subfield code="a">Nato da un progetto decennale condotto dall'autore insieme a educatori, ricercatori, pedagogisti e insegnanti di tutta Italia, il volume intende rispondere alla costante richiesta di risorse per aiutare i bambini a prevenire l'abuso sessuale.  L'opera si compone di tre parti: la prima descrive le basi teoriche e gli obiettivi del progetto, la definizione, l'epidemiologia, le conseguenze dell'abuso sessuale all'infanzia, le caratteristiche del pedofilo; la seconda si occupa della prevenzione in famiglia, fornendo una guida ai genitori con suggerimenti pratici per l'utilizzo delle schede a colori rivolte direttamente ai bambini dai 5 agli 8 anni; la terza presenta un percorso educativo in 5 incontri da effettuare a scuola con bambini del secondo ciclo della primaria. Infatti, solo conoscendo il rischio che i bambini possono evitarlo e proteggersi.</subfield>
  </datafield>
  <datafield tag="650" ind1=" " ind2=" ">
    <subfield code="a">maltrattamenti / violenza</subfield>
  </datafield>
  <datafield tag="654" ind1=" " ind2=" ">
    <subfield code="a">saggio</subfield>
  </datafield>
  <datafield tag="942" ind1=" " ind2=" ">
    <subfield code="c">BK</subfield>
    <subfield code="2">ddc</subfield>
  </datafield>
  <datafield tag="999" ind1=" " ind2=" ">
    <subfield code="c">209497</subfield>
    <subfield code="d">209497</subfield>
  </datafield>
  <datafield tag="999" ind1=" " ind2=" ">
    <subfield code="b">si</subfield>
  </datafield>
  <datafield tag="952" ind1=" " ind2=" ">
    <subfield code="0">0</subfield>
    <subfield code="1">0</subfield>
    <subfield code="4">0</subfield>
    <subfield code="6">C_18653496</subfield>
    <subfield code="7">1</subfield>
    <subfield code="a">CISF</subfield>
    <subfield code="b">CISF</subfield>
    <subfield code="d">2016-10-14</subfield>
    <subfield code="l">0</subfield>
    <subfield code="o">c186-53496 </subfield>
    <subfield code="r">2016-10-14 00:00:00</subfield>
    <subfield code="w">2016-10-14</subfield>
    <subfield code="y">BK</subfield>
    <subfield code="z">Data import 15.10.2016 / by Epidotti, Vaglietti</subfield>
  </datafield>
</record>
